|
003 -Nazwa inst., której nr kontr. jest w polu 001 [,]
|
-
- @
- Nazwa instytucji, której n kontrolny jest w polu 001
- NUKAT
|
|
005 -DATA I CZAS OSTATNIEJ MODYFIKACJI [,]
|
-
- @
- pole kontrolne
- 20241231104549.0
|
|
020 -Międzynarod. znormalizowany nr książki - ISBN [ , ]
|
-
- a
- Numer ISBN
- 9781450472913
-
|
|
020 -Międzynarod. znormalizowany nr książki - ISBN [ , ]
|
-
- a
- Numer ISBN
- 9788362526109
|
|
040 -Instytucja sporządzająca opis [ , ]
|
-
- a
- Instytucja, która sporządziła opis (NP)
- SZCZ 010/JT
-
- b
- Język katalogowania
- pol
-
- e
- Zasady katalogowania
- rda
-
- c
- Instytucja, która sporządziła rekord (NP)
- SZCZ 010/JT
-
- d
- Instytucja, która zmodyfikowała rekord (P)
- SZCZ U/MCs
|
|
041 -Język dokumentu [1, ]
|
-
- a
- Język tekstu (P)
- polski
-
- h
- Język tekstu oryginalnego i/lub pośredniego (P)
- angielski
|
|
942 -Rodzaj dokumentu [ , ]
|
-
- c
- Rodzaj dokumentu
- Książka
|
|
245 -Strefa tytułu i oznaczenia odpowiedzialności [1,0]
|
-
- a
- Tytuł
- Dysfunkcje odcinka lędźwiowo-krzyżowego :
-
- b
- Ciąg dalszy tytułu (NP)
- prewencja i terapia w oparciu o dowody naukowe /
-
- c
- Pozostałe elementy strefy tytułu i oznaczenia odpowiedzialności (NP)
- Stuart McGill ; tłumaczenie z języka angielskiego: Szymon Folęga, Mateusz Dydacki, Mateusz Pawlukiewicz, Michał Kochan, Michał Kuszewski.
|
|
246 -Wariant tytułu [1, ]
|
-
- i
- Tekst wyświetlany na ekranie monitora (NP)
- Tytuł oryginału:
-
- a
- Tytuł (NP)
- Low back disorders
-
- b
- Ciąg dalszy tytułu (NP)
- evidence-based prevention and rehabilitation
|
|
250 -Strefa wydania [ , ]
|
-
- a
- Oznaczenie wydania (NP)
- Wydanie polskie /
-
- b
- Ciąg dalszy strefy wydania (NP)
- redakcja Michał Kuszewski, Dobrogniewa Bąkowska.
|
|
260 -Strefa adresu wydawniczego [ , ]
|
-
- a
- Miejsce wydania (P)
- Błonie :
-
- b
- Nazwa wydawcy (P)
- DB Publishing,
-
|
|
700 -Hasło dodatkowe - nazwa osobowa [1, ]
|
-
- a
- Nazwa osobowa (NP)
- Folęga, Szymon.
-
- e
- Określenie rodzaju współpracy
- Tłumaczenie
-
|
|
700 -Hasło dodatkowe - nazwa osobowa [1, ]
|
-
- a
- Nazwa osobowa (NP)
- Pawlukiewicz, Mateusz.
-
- e
- Określenie rodzaju współpracy
- Tłumaczenie
-
|
|
700 -Hasło dodatkowe - nazwa osobowa [1, ]
|
-
- a
- Nazwa osobowa (NP)
- Kuszewski, Michał.
-
- e
- Określenie rodzaju współpracy
- Redakcja
-
- e
- Określenie rodzaju współpracy
- Tłumaczenie
-
|
|
700 -Hasło dodatkowe - nazwa osobowa [1, ]
|
-
- a
- Nazwa osobowa (NP)
- Bąkowska, Dobrogniewa.
-
- e
- Określenie rodzaju współpracy
- Redakcja
-
|
|
700 -Hasło dodatkowe - nazwa osobowa [1, ]
|
-
- a
- Nazwa osobowa (NP)
- Dydacki, Mateusz.
-
- e
- Określenie rodzaju współpracy
- Tłumaczenie
-
|
|
700 -Hasło dodatkowe - nazwa osobowa [1, ]
|
-
- a
- Nazwa osobowa (NP)
- Kochan, Michał.
-
- e
- Określenie rodzaju współpracy
- Tłumaczenie
-
|
|
710 -Hasło dodatkowe - nazwa ciała zbiorowego [2, ]
|
-
- a
- Nazwa ciała zbiorowego lub nazwa geograficzna jako pierwszy element (NP)
- DB Publishing Dobrogniewa Bąkowska.
-
- e
- Rodzaj współpracy
- Wydawca
-
-
|